=LDR 00000nam 2200000 4500 =001 INLIS000000000032553 =005 20130612134545 =008 ***********************************ind** =035 ##$$0010-061300000032553 =041 ##$$a ind =082 ##$$a 370 =090 ##$$a 370, Ana i =100 ##$$a Anam, Saiful =245 ##$$a Indra djati Sidi Dari ITB Untuk Pembaruan Pendidikan, Saiful Anam;Penyunting,M.Pinem =260 ##$$a 2005 $b Jakarta =300 ##$$a xxv,574, Ilus, 21 cm =650 ##$$a Pendidikan =700 ##$$a Pinem, M =850 ##$$a NBPNMAT =990 ##$$a 0001/BPAP-NTB/2016